000 00377nam a2200121Ia 4500
008 230907s9999||||xx |||||||||||||| ||und||
082 _a621.3822
_bLIT
100 _aLitsyn, Simon,
_9115888
245 0 _aPeak power control in multicarrier communications /
260 _aCambridge University Press,
_bCambridge, UK ; | New York :
_c2007
300 _axiii, 278 p. :
942 _cBK
999 _c600689
_d600689